| 000 | 00693nam a2200229Ia 4500 | ||
|---|---|---|---|
| 003 | GCL | ||
| 008 | 140319s9999 xx 000 0 ara d | ||
| 040 |
_aGCL / _cGCL |
||
| 082 | 0 | 4 |
_a953 _bح د |
| 100 | 1 | _aحورية عبده سلام | |
| 245 | 1 | 0 |
_aدراسات فى الحضارة الاسلامية / _cحورية عبده سلام |
| 300 | _a308 ص | ||
| 490 | _a | ||
| 650 | 0 | 4 | _aالدولة الفاطمية |
| 650 | 0 | 4 | _aالمغرب |
| 650 | 0 | 4 | _aالخلافة |
| 650 | 0 | 4 | _aالثقافة العربية |
| 650 | 0 | 4 | _aالعلوم عند العرب |
| 650 | 0 | 4 | _aالحضارة الاسلامية |
| 650 | 0 | 4 | _aالمغرب العربى - تاريخ |
| 942 |
_2ddc _cBK |
||
| 999 |
_c37745 _d37745 |
||